<?xml version="1.0" encoding="UTF-8"?>
<collection xmlns="http://www.loc.gov/MARC21/slim">
 <record>
  <leader>00692pamaa2200169   4500</leader>
  <controlfield tag="001">0000029970</controlfield>
  <controlfield tag="005">20060608090000.0</controlfield>
  <datafield tag="020" ind1="0" ind2="0">
   <subfield code="a">0849304334 </subfield>
  </datafield>
  <datafield tag="082" ind1=" " ind2=" ">
   <subfield code="a">621.3822 LIX 1999</subfield>
  </datafield>
  <datafield tag="090" ind1="0" ind2="0">
   <subfield code="a">TK5102.9 </subfield>
   <subfield code="b">LIX 1999</subfield>
  </datafield>
  <datafield tag="100" ind1="1" ind2="0">
   <subfield code="a">LI </subfield>
  </datafield>
  <datafield tag="245" ind1="1" ind2="0">
   <subfield code="a">Probability, random signals, and statistics : </subfield>
   <subfield code="b">a textgraph with integrated software for electrical and computer engineers  </subfield>
   <subfield code="c">X. Rong Li.</subfield>
  </datafield>
  <datafield tag="260" ind1="0" ind2="0">
   <subfield code="a">Boca Raton: </subfield>
   <subfield code="b">CRC Press, </subfield>
   <subfield code="c">1999.</subfield>
  </datafield>
  <datafield tag="300" ind1=" " ind2=" ">
   <subfield code="a">455p.; </subfield>
   <subfield code="c">24cm.</subfield>
  </datafield>
  <datafield tag="500" ind1="0" ind2="0">
   <subfield code="a">Includes 1 CD-ROM titled &quot;Probability, random signals, and statistics : a textgraph with integrated software for electrical and computer engineers&quot;</subfield>
  </datafield>
  <datafield tag="650" ind1="0" ind2="0">
   <subfield code="a">Stochastic processes </subfield>
  </datafield>
  <datafield tag="650" ind1="0" ind2="0">
   <subfield code="a">Signal processing -- </subfield>
   <subfield code="x">Statistical methods </subfield>
  </datafield>
 </record>
</collection>
